| 000 | 00406nam a2200169Ia 4500 | ||
|---|---|---|---|
| 008 | 230524s9999 xx 000 0 und d | ||
| 020 | _a8183181481 | ||
| 082 |
_a658.16 _bMUR |
||
| 100 | _aC.S.V.Murthy | ||
| 245 | 0 | _aBusiness Ethics: Text and Cases | |
| 250 | _a2ND | ||
| 260 |
_aMUMBAI _bHimalaya _c2009 |
||
| 300 | _aXVI;629 | ||
| 500 | _aQuantity Number: 35 | ||
| 650 | _aManagement | ||
| 942 | _cBK | ||
| 999 |
_c45599 _d45599 |
||